<?xml version="1.0" encoding="UTF-8"?><?xml-stylesheet type="text/xsl" href="static/style.xsl"?><OAI-PMH xmlns="http://www.openarchives.org/OAI/2.0/" xmlns:xsi="http://www.w3.org/2001/XMLSchema-instance" xsi:schemaLocation="http://www.openarchives.org/OAI/2.0/ http://www.openarchives.org/OAI/2.0/OAI-PMH.xsd"><responseDate>2026-04-19T05:28:05Z</responseDate><request verb="GetRecord" identifier="oai:riubu.ubu.es:10259/7846" metadataPrefix="marc">https://riubu.ubu.es/oai/request</request><GetRecord><record><header><identifier>oai:riubu.ubu.es:10259/7846</identifier><datestamp>2024-05-10T07:24:51Z</datestamp><setSpec>com_10259_2699</setSpec><setSpec>col_10259_2705</setSpec></header><metadata><record xmlns="http://www.loc.gov/MARC21/slim" xmlns:doc="http://www.lyncode.com/xoai" xmlns:xsi="http://www.w3.org/2001/XMLSchema-instance" xmlns:dcterms="http://purl.org/dc/terms/" xsi:schemaLocation="http://www.loc.gov/MARC21/slim http://www.loc.gov/standards/marcxml/schema/MARC21slim.xsd">
<leader>00925njm 22002777a 4500</leader>
<datafield tag="042" ind1=" " ind2=" ">
<subfield code="a">dc</subfield>
</datafield>
<datafield tag="720" ind1=" " ind2=" ">
<subfield code="a">Sánchez Puente, Zuriñe</subfield>
<subfield code="e">author</subfield>
</datafield>
<datafield tag="260" ind1=" " ind2=" ">
<subfield code="c">2022</subfield>
</datafield>
<datafield tag="520" ind1=" " ind2=" ">
<subfield code="a">En esta Tesis Doctoral se analizan las patologías dentales y el desgaste dental de varias&#xd;
poblaciones, tanto de periodos históricos como prehistóricos. Además, se han recogido las&#xd;
hipoplasias presentes en los individuos objeto de estudio. Las hipoplasias son depresiones en&#xd;
los dientes que nos señalan un periodo de estrés sufrido por el individuo. Por otro lado, se ha&#xd;
estudiado tanto el macrodesgaste dental, como el microdesgaste dental. El objetivo principal&#xd;
de este trabajo es establecer diferencias en los modos de vida y la dieta de estas poblaciones.&#xd;
En base a los resultados obtenidos se puede establecer que las poblaciones históricas seguían&#xd;
una dieta mixta, basada principalmente en cereales, vegetales y carne, cobrando una especial&#xd;
importancia la preparación de estos alimentos. Por otro lado, las poblaciones prehistóricas&#xd;
contaban con una dieta menos abrasiva, donde cobran mayor importancia la carne o los&#xd;
recursos acuáticos.</subfield>
</datafield>
<datafield tag="520" ind1=" " ind2=" ">
<subfield code="a">In this PhD dissertation, we analyzed dental pathologies and dental wear of various&#xd;
populations, both from historical and prehistoric periods. In addition, hypoplasias have been&#xd;
recorded. Hypoplasias are depressions in the teeth that indicate a period of stress suffered by&#xd;
the individual. On the other hand, both dental macrowear (that which can be observed&#xd;
macroscopically) and dental microwear (for which the use of a scanning electron microscope is&#xd;
necessary) has been studied. The main objective of this work is to establish differences in the&#xd;
lifestyles and diet of these populations. Based on the results obtained, it can be established&#xd;
that the historical populations followed a mixed diet, based mainly on cereals, vegetables and&#xd;
meat. In these populations the preparation of food take is particularly important. On the other&#xd;
hand, prehistoric populations had a less abrasive diet, where meat or aquatic resources are&#xd;
more important.</subfield>
</datafield>
<datafield tag="024" ind2=" " ind1="8">
<subfield code="a">http://hdl.handle.net/10259/7846</subfield>
</datafield>
<datafield tag="024" ind2=" " ind1="8">
<subfield code="a">10.36443/10259/7846</subfield>
</datafield>
<datafield ind1=" " ind2=" " tag="653">
<subfield code="a">Antropología dental</subfield>
</datafield>
<datafield ind1=" " ind2=" " tag="653">
<subfield code="a">Patologías orales</subfield>
</datafield>
<datafield ind1=" " ind2=" " tag="653">
<subfield code="a">Dieta</subfield>
</datafield>
<datafield ind1=" " ind2=" " tag="653">
<subfield code="a">Microdesgaste</subfield>
</datafield>
<datafield ind1=" " ind2=" " tag="653">
<subfield code="a">Hipoplasias</subfield>
</datafield>
<datafield ind1=" " ind2=" " tag="653">
<subfield code="a">Dental anthropology</subfield>
</datafield>
<datafield ind1=" " ind2=" " tag="653">
<subfield code="a">Oral pathology</subfield>
</datafield>
<datafield ind1=" " ind2=" " tag="653">
<subfield code="a">Diet</subfield>
</datafield>
<datafield ind1=" " ind2=" " tag="653">
<subfield code="a">Microwear</subfield>
</datafield>
<datafield ind1=" " ind2=" " tag="653">
<subfield code="a">Hypoplasia</subfield>
</datafield>
<datafield tag="245" ind1="0" ind2="0">
<subfield code="a">Estudio de la evolución de la dieta y modos de vida de poblaciones prehistóricas e históricas a través de la antropología dental</subfield>
</datafield>
</record></metadata></record></GetRecord></OAI-PMH>